| 000 | 00513cam a22001337a 4500 | ||
|---|---|---|---|
| 999 |
_c504035 _d504035 |
||
| 008 | 180718b2011 xxu||||| |||| 00| 0 eng d | ||
| 082 | _aT2x5414 Al41 | ||
| 100 |
_aAlivelu, G. _911489 |
||
| 245 |
_aA thousand industries in a thousand days? state business relations and the puzzle of Orissa's industrial performance _cby G. Alivelu...[et. al]. |
||
| 260 |
_aHyderabad _bCentre for economic and social studies _c2011 |
||
| 300 | _a35p. | ||
| 650 |
_aIndustrial productivity -- India -- Odisha. _911490 |
||
| 942 | _2ddc | ||